000 00785cam a22002773a 4500
001 2366
003 PGUSA
005 20140828083014.0
008 001001s2000||||xxu|||||s|||||000 1 eng d
040 _aPGUSA
_beng
042 _adc
050 4 _aPS
100 1 _aJames, Henry,
_d1843-1916
245 1 4 _aThe Beldonald Holbein
_h[electronic resource] /
_cHenry James
260 _bProject Gutenberg,
_c2000
506 _aPublic domain in the USA.
516 _aElectronic text
653 _aCousins -- Fiction
653 _aLondon (England) -- Fiction
653 _aArtists -- Fiction
653 _aArtists' models -- Fiction
653 _aPortrait painters -- Fiction
830 0 _aProject Gutenberg
_v2366
856 4 0 _uhttp://www.gutenberg.org/ebooks/2366
942 _cEB
999 _c231703
_d231703